Εξέλιξη των αναλυτικών προγραμμάτων για την ένταξη των νέων ψηφιακών μέσων στην εκπαίδευση : διπλωματική εργασία [πτυχιακή εργασία]
Αποθηκεύτηκε σε:
| Κύριος συγγραφέας: | |
|---|---|
| Συγγραφή απο Οργανισμό/Αρχή: | |
| Μορφή: | Thesis Βιβλίο |
| Γλώσσα: | Greek |
| Δημοσίευση: |
2015.
|
| Θέματα: | |
| Διαθέσιμο Online: | http://hdl.handle.net/11610/5953 |
| Ετικέτες: |
Προσθήκη ετικέτας
Δεν υπάρχουν, Καταχωρήστε ετικέτα πρώτοι!
|
MARC
| LEADER | 00000cam a2200000 a 4500 | ||
|---|---|---|---|
| 001 | 1/107569 | ||
| 008 | 150720s2015####gr | ||| |||| ||gre|| | ||
| 040 | |a GR-MyUa |b gre |c GR-MyUa |e AACR2 | ||
| 041 | 0 | |a gre | |
| 082 | 7 | |a 375 |2 (23) | |
| 100 | 1 | |a Γουδή, Ουρανία Χρυσόστομος. | |
| 245 | 1 | 0 | |a Εξέλιξη των αναλυτικών προγραμμάτων για την ένταξη των νέων ψηφιακών μέσων στην εκπαίδευση : |b διπλωματική εργασία [πτυχιακή εργασία] / |c Γουδή Ουρανία ; επιβλέπων καθηγητής Σοφός Αλιβίζος. |
| 260 | |c 2015. | ||
| 300 | |a 59 σ. ; |c 30 εκ. | ||
| 502 | # | # | |a Πτυχιακή εργασία – Πανεπιστήμιο Αιγαίου, Ρόδος, 2015. |
| 504 | |a Βιβλιογραφία: σ. 58-59. | ||
| 506 | 1 | |a Πλήρες κείμενο - ελεύθερη δημοσίευση - κλειδωμένη η δυνατότητα αντιγραφής. | |
| 650 | 0 | |a Education |x Curricula |z Greece. | |
| 650 | 0 | |a Educational planning. | |
| 650 | 0 | |a Educational technology |z Greece. | |
| 650 | 0 | |a Educational innovations. | |
| 700 | 1 | |a Σοφός, Αλιβίζος, |e dgs | |
| 710 | 2 | |a Πανεπιστήμιο Αιγαίου |b Σχολή Ανθρωπιστικών Επιστημών |b Παιδαγωγικό Τμήμα Δημοτικής Εκπαίδευσης. | |
| 852 | |a INST |b RHODES |c DIATR |e 20150720 |h 375 ΓΟΥ |p 005400037887 |q 005400037887 |t DIE |y 23 | ||
| 856 | |u http://hdl.handle.net/11610/5953 | ||
| 924 | |a Γουδή |b Ουρανία |y Ρόδος |z 2015-07 | ||
| 970 | |z 20-07-2015 | ||